Nada menos que todo un hombre
Сохранить в:
| Главный автор: | |
|---|---|
| Формат: | |
| Язык: | испанский |
| Опубликовано: |
Valparaíso
Ediciones Universitarias de Valparaíso
1982
|
| Редактирование: | 3a. ed |
| Предметы: | |
| Метки: |
Добавить метку
Нет меток, Требуется 1-ая метка записи!
|
MARC
| LEADER | 00000nam a2200000 a 4500 | ||
|---|---|---|---|
| 001 | UCJ4718 | ||
| 003 | CL-VaPUC | ||
| 005 | 20240312162917.0 | ||
| 008 | 070124e19820000CL |||||||||||||||||spa|d | ||
| 999 | |c 320834 |d 320832 | ||
| 040 | |c Pontificia Universidad Católica de Valparaíso | ||
| 082 | 0 | 4 | |a 863 |b UNA |2 21 |
| 100 | 0 | |a Unamuno, Miguel de |e author |9 312478 | |
| 245 | 1 | 0 | |a Nada menos que todo un hombre |
| 250 | |a 3a. ed | ||
| 260 | |a Valparaíso |b Ediciones Universitarias de Valparaíso |c 1982 | ||
| 300 | |a 70 p | ||
| 500 | |a Retrato de Unamuno, reproducción de un óleo de Juan de Echavarría | ||
| 500 | |a Prólogo y notas de Eduardo Godoy G | ||
| 583 | |a last modification |c 20070124 00:00:00 |k Rodrigo Vera | ||
| 600 | 0 | 7 | |a EDICIONES UNIVERSITARIAS DE VALPARAISO |2 CL-VaPUC |9 504560 |
| 600 | 0 | 7 | |a Godoy Gallardo, Eduardo |d 1934-2020 |9 887660 |
| 600 | 0 | 7 | |a ECHEVARRIA, JUAN DE |2 CL-VaPUC |9 508905 |
| 650 | 7 | |a NOVELA ESPAÑOLA |2 CL-VaPUC |9 313139 | |
| 650 | 0 | |a Crítica literaria |9 269189 | |
| 650 | 7 | |a BIBLIOGRAFIA |2 CL-VaPUC |9 256175 | |
| 650 | 0 | |a Iconografía |9 267998 | |
| 942 | |c BK |2 ddc | ||
| 945 | |d 20070124 00:00:00 |a rinostro | ||
| 952 | |0 0 |1 0 |4 0 |6 863_000000000000000_UNA_1982 |7 0 |8 X |9 399439 |a FDOBUD |b FDOBUD |d 2019-11-22 |i 1024647 |o 863 UNA 1982 |p 1024647 |r 2019-11-22 |w 2019-11-22 |y BK_X |k BUD | ||